creepypasta guessing game! - Statistics

General Stats
  • This quiz has been taken 360 times
  • The average score is 9 of 15
Answer Stats
Hint Answer % Correct
hates jeff jane the killer
83%
cut Smile jeff the killer
77%
no face slenderman
76%
a famous fast cartoon character sonic. EXE
76%
the opposite of smile dog grinny cat
74%
carries a teddy bear wherever she goes sally
74%
supposedly in love with jeff Nina the killer
71%
has Tourette Syndrome ticci toby
61%
literally a stylist trenderman
53%
eats children and sits in trees seedeater
50%
happypasta splendorman
49%
spread the word smile dog
43%
uses roses as bait offenderman
41%
ski mask hoodie
32%
cheese cake masky
29%
No matching quizzes found
Score Distribution
Percent of People with Each Score
Percentile by Number Answered
Your Score History
You have not taken this quiz